Países más Meridionales A-Z - Estadísticas

Estadísticas generales
  • Esta prueba ha sido intentada 1.823 veces
  • La puntuación promedio es 15 de 23
Estadísticas de respuestas
Letra País % Correcto
A Argentina
99%
C Chile
87%
B Brasil
80%
U Uruguay
78%
Z Zimbabue
77%
N Nueva Zelanda
74%
S Sudáfrica
74%
Y Yemen
74%
V Vanuatu
72%
O Omán
71%
F Fiyi
66%
P Paraguay
65%
L Lesoto
64%
K Kiribati
63%
T Tonga
59%
E Ecuador
57%
M Mozambique
55%
I Islas Salomón
54%
H Honduras
47%
J Jamaica
43%
D Dominica
42%
G Gabón
41%
R R. D. Congo
35%
No se encontraron pruebas coincidentes
Distribución de puntuación
Porcentaje de gente con cada puntuación
Porcentaje por número respondido
Historial de tus puntuaciones
No has intentado esta prueba.